00233nam a2200097Ia 4500008004100000041000800041082001300049100002000062245002700082260002600109231212s1967 xx 000 0 und d aeng a621.3028 aIndolakar C. S. aElectrical Engineering aDelhibS. Chandc1967